[Event "Alcorcon Diagonal op 2nd"]
[Site "Alcorcon"]
[Date "2023.12.26"]
[Round "2"]
[White "Deusa Ballesteros, Luis Miguel"]
[Black "Munoz Gonzalez, Luis"]
[Result "1-0"]
[WhiteElo "1837"]
[BlackElo "1525"]
[PlyCount "61"]
[EventDate "2023.12.26"]
[EventType "swiss"]
[EventRounds "9"]
[EventCountry "ESP"]
[SourceTitle "CB01_2024"]
[SourceDate "2024.01.03"]
[SourceVersion "1"]
[SourceVersionDate "2024.01.03"]
[SourceQuality "1"]

1. d4 b6 2. c4 e6 3. Nc3 Bb7 4. e4 Bb4 5. Qc2 d5 6. cxd5 exd5 7. e5 c5 8. Bb5+ Nc6 9. Nge2 a6 10. Bxc6+ Bxc6 11. 0-0 Ne7 12. a3 Bxc3 13. bxc3 cxd4 14. Nxd4 Rc8 15. Bg5 h6 16. Bxe7 Qxe7 17. Nf5 Qg5 18. Nd6+ Ke7 19. f4 Qg4 20. h3 Qd7 21. Nxc8+ Rxc8 22. f5 f6 23. Rfe1 Ba4 24. exf6+ Kxf6 25. Qd3 Bb5 26. Qd4+ Kf7 27. Re6 Rc4 28. Qxb6 Rxc3 29. Rae1 Qc8 30. Qd4 Rd3 31. Re7+ 1-0